Normal view
MARC view
- WALLACH, PAUL
Entry Personal Name
001 - CONTROL NUMBER
- control field: 132684
003 - CONTROL NUMBER IDENTIFIER
- control field: NUST
005 - DATE AND TIME OF LATEST TRANSACTION
- control field: 20260101132036.0
008 - FIXED-LENGTH DATA ELEMENTS
- fixed length control field: 260101|| aca||aabn | a|a d
040 ## - CATALOGING SOURCE
- Original cataloging agency: NUST
- Transcribing agency: NUST
100 ## - HEADING--PERSONAL NAME
- Personal name: WALLACH, PAUL
670 ## - SOURCE DATA FOUND
- Source citation: Work cat.: (NUST): WALLACH, PAUL, DRAFTING, 1981.
